Megújul a füvészkert

Elmentve itt :
Bibliográfiai részletek
Dokumentumtípus: Cikk
Megjelent: 2005-04-16
Sorozat:Délmagyarország 95 No. 88
Kulcsszavak:Füvészkert
Online Access:http://dmarchiv.bibl.u-szeged.hu/125973
LEADER 00391nab a2200145 i 4500
001 delm125973
005 20191206151028.0
008 191206s2005 hu o 0|| hun d
040 |a SZTE Délmagyarország Archívum  |b hun 
041 |a hun 
245 0 0 |a Megújul a füvészkert  |h [elektronikus dokumentum] 
260 |c 2005-04-16 
300 |a 4 
490 0 |a Délmagyarország  |v 95 No. 88 
695 |a Füvészkert